LDR 00679naa#a2200181#i#450# 001 EN\INFRA-M\bibl\122183 005 20260603125437.3 011 ## _a2500-3305 100 ## _a20260227b2026####ek#y0engy0150####ca 102 ## _aRU 200 1# _aExistential self-determination of schoolchildren 
as a target function of additional education _eJournal article 210 1# _aMoscow _cINFRA-M Academic Publishing LLC. _d2026 215 ## _a6 с. 608 ## _aJournal article _2local 675 ## _aНародное образование. Воспитание. Обучение. Организация досуга. 37 _z 700 #1 _aRozhkov _gMihail Iosifovich 700 #1 _aPavlov _gA. V. 856 4# _anaukaru.ru _u